XIII Censo de Población 29 de noviembre de 1960: provincia de Antofagasta

Tallennettuna:
Bibliografiset tiedot
Yhteisötekijä: Dirección de Estadísticas y Censos (Tekijä)
Aineistotyyppi: Kirja
Kieli:espanja
Julkaistu: Santiago s.n 1964
Sarja:B, 2
Aiheet:
Tagit: Lisää tagi
Ei tageja, Lisää ensimmäinen tagi!

MARC

LEADER 00000nam a2200000 a 4500
001 UCO4216
003 CL-VaPUC
005 20250324125417.0
008 000728e19640000cl |||||||||||||||||spa|d
999 |c 290281  |d 290279 
040 |c Pontificia Universidad Católica de Valparaíso 
082 0 4 |a 310.983  |b DIR  |2 21 
110 2 |a Dirección de Estadísticas y Censos  |e author  |9 448474 
245 1 0 |a XIII Censo de Población 29 de noviembre de 1960: provincia de Antofagasta 
260 |a Santiago  |b s.n  |c 1964 
300 |a 135 p 
490 0 |a B, 2 
583 |a last modification  |c 20170808 04:34:30  |k Rodrigo Vera 
650 0 |a Viviendas  |9 258662  |z Chile  |y Siglo 20 
650 0 |a Demografía   |9 260008  |y Siglo 20  |z Antofagasta (Chile 
651 7 |a Antofagasta (Chile)  |2 CL-VaPUC  |9 448476  |v Censos  |y 1960 
651 7 |a Chile  |x Población  |y Siglo 20  |9 897476 
942 |c BK  |2 ddc 
945 |d 20000728 00:00:00  |a crobeson 
952 |0 0  |1 0  |4 0  |6 310_983000000000000_DIR_1964  |7 0  |8 X  |9 339618  |a BIBHIS  |b BIBHIS  |d 2019-11-20  |i 1212060  |o 310.983 DIR 1964  |p 1212060  |r 2024-01-30  |w 2019-11-20  |y BK_X  |k HIS